| 000 | 00000nam 2200000za 4500 |
| 001 | 9.837804 |
| 003 | CaOODSP |
| 005 | 20231208112858 |
| 007 | cr ||||||||||| |
| 008 | 170606s2015 onc ob f000 0 eng d |
| 040 | |aCaOODSP|beng |
| 043 | |an-cn--- |
| 086 | 1 |aPS83-3/362E-PDF |
| 245 | 00|aEthnocultural offenders |h[electronic resource] : |ban initial investigation of social history variables at intake / |cLeslie Anne Keown... [et al.]. |
| 260 | |aOttawa : |bCorrectional Service of Canada, |c2015. |
| 300 | |av, 31 p. : |btables. |
| 490 | 1 |aResearch report ; |vR-362 |
| 500 | |aIssued also in French under title: Délinquants appartenant à des minorités ethnoculturelles : premier examen des variables relatives aux antécédents sociaux à l'évaluation initiale. |
| 500 | |a"March 2015." |
| 504 | |aIncludes bibliographical references. |
| 520 | |aThe study aimed to begin to explore the issue of social history among ethnocultural offenders by leveraging readily-available data on life experiences and pre-incarceration background collected as part of the offender intake process. |
| 692 | 07|2gccst|aInmates |
| 692 | 07|2gccst|aSocial history |
| 700 | 1 |aKeown, Leslie-Anne, |d1963- |
| 710 | 1 |aCorrectional Service Canada. |bResearch Branch. |
| 775 | 08|tDélinquants appartenant à des minorités ethnoculturelles |w(CaOODSP)9.837807 |
| 830 | #0|aResearch report (Correctional Service Canada. Research Branch)|vR-362|w(CaOODSP)9.506063 |
| 856 | 40|qPDF|s263 KB|uhttps://publications.gc.ca/collections/collection_2017/scc-csc/PS83-3-362-eng.pdf |